Il segreto delle amazzoni /

Fino a che punto la SF planetaria può essere «sofisticata» senza compromettere l'avventura e la suspense? Fino a che punto, d'altra parte, può essere «avventurosa» senza cadere nel fumetto? Mack Reynolds, che nell'indimenticabile "Ed egli maledisse lo scandalo" seppe darci la più smaliziata e la più...

Szczegółowa specyfikacja

Zapisane w:
Opis bibliograficzny
1. autor: Reynolds, Mack (Autor)
Kolejni autorzy: Della Frattina, Beata
Format: Książka
Język:włoski
Wydane: Milano : A. Mondadori, 1967
Seria:Urania ; 471
Hasła przedmiotowe:
Etykiety: Dodaj etykietę
Nie ma etykietki, Dołącz pierwszą etykiete!

MARC

LEADER 00000nam a22000007i 4500
001 IT\ICCU\BVE\0755530
003 ItRI
005 20250919164942.0
008 171010s1967 it |||||| ||||| |||||c
040 |b ita  |c ct 
041 7 |a ita  |2 ISO-639-2 
100 1 |a Reynolds, Mack  |0 IT\ICCU\RAVV\034834  |4 aut 
240 1 0 |a Amazon planet  |9 Reynolds, Mack 
245 1 3 |a Il segreto delle amazzoni /  |c Mack Reynolds. 
260 |a Milano :  |b A. Mondadori,  |c 1967 
300 |a 166 p. :  |b ill. ;  |c 19 cm 
500 |a Traduzione di Beata Della Frattina. 
520 |a Fino a che punto la SF planetaria può essere «sofisticata» senza compromettere l'avventura e la suspense? Fino a che punto, d'altra parte, può essere «avventurosa» senza cadere nel fumetto? Mack Reynolds, che nell'indimenticabile "Ed egli maledisse lo scandalo" seppe darci la più smaliziata e la più emozionante delle avventure terrestri, affronta ora le sorprese dell'esplorazione spaziale. Le prime di queste sorprese faranno sorridere i lettori e arrossire il timido giovanotto a cui capitano. Ma con Mack Reynolds non c'è mai da fidarsi: dietro le piccanti Amazzoni c'è un segreto cosmico che non fa sorridere affatto. In compenso - e per fortuna - il «timido giovanotto» non è affatto quello che sembra. 
650 7 |a Letteratura narrativa americana  |x Sec. 20.  |x Fantascienza  |2 scbi 
700 1 |a Della Frattina, Beata  |0 IT\ICCU\CFIV\022071 
830 0 |a Urania ;  |v 471  |0 IT\ICCU\REA\0020704 
942 |2 ddc  |c BK 
952 |0 0  |1 0  |2 ddc  |4 0  |6 B_LNR02REYMASEG11  |7 0  |9 7926  |a MI  |b MI  |d 2014-02-28  |i 1206  |l 0  |o B-LNR02-REYMA-SEG11  |p CDOM1206  |r 2025-07-13 16:28:00  |w 2025-07-13  |x DONO  |y BK 
981 1 |6 z01  |a i   |b xxxe  
982 1 |6 z01  |a n 
999 |c 6594  |d 6594